Indian and Persian Prosody and Recitation/ (Record no. 192638)

MARC details
000 -LEADER
fixed length control field 00657nam a22001817a 4500
005 - DATE AND TIME OF LATEST TRANSACTION
control field 20220928141440.0
010 ## - LCCN (DPL NO)
LC control number B-745721
020 ## - INTERNATIONAL STANDARD BOOK NUMBER
International Standard Book Number 9788186561041
Terms of availability 6548.00
037 ## - SOURCE OF ACQUISITION
Source of stock number/acquisition Saujanya Publications, Delhi
082 ## - DEWEY DECIMAL CLASSIFICATION NUMBER
Classification number 409.54
245 ## - TITLE STATEMENT
Title Indian and Persian Prosody and Recitation/
Statement of responsibility, etc ed. Hiroko Nagasaki
260 ## - PUBLICATION, DISTRIBUTION, ETC. (IMPRINT)
Place of publication, distribution, etc Delhi
Name of publisher, distributor, etc Saujanya Publications
Date of publication, distribution, etc 2012
270 ## - ADDRESS
City Delhi
Address 165-E, Kamla Nagar
Postal code 110007
Telephone number 91-11-23844541
Electronic mail address www.saujanyabooks.com
300 ## - PHYSICAL DESCRIPTION
Extent x,386p.
Dimensions 25cm (hbk)
500 ## - GENERAL NOTE
General note Index and CD
942 ## - ADDED ENTRY ELEMENTS (KOHA)
Source of classification or shelving scheme Dewey Decimal Classification
Item type English Books
Classification part 409.54
Call number suffix NAG
Holdings
Withdrawn status Lost status Not for loan Collection code Home library Current library Date acquired Source of acquisition Cost, normal purchase price Full call number Barcode Copy number Cost, replacement price Koha item type Public note
      Non-fiction Central Library Central Library 28/09/2022 22.9.22/Gift 6548.00 409.54 NAG B-745721 1 6548.00 English Books Gift

© Delhi Public Library
Hit Counter
free hit counter